00401 a2200157 4500003000400000005001700004008004100021020001800062040000900080082002000089100002500109245003900134250001200173260004900185300000900234OSt20240201125148.0240201b |||||||| |||| 00| 0 eng d a9788182719873 coclc a894.8123bMUN/C aMunnoor, Abdurahiman aCHARASUNDHARI /cAbdurahman Munnur a1st ed. aKozhikode:bIslamic Publishing House,c2020. a96p.